Bí quyết thành công của những nhà doanh nghiệp trong cộng đồng các nước có sử dụng tiếng Pháp

Sparad:
Bibliografiska uppgifter
Huvudupphovsman: Trần Xuân ... [et al.]
Materialtyp: Bok
Språk:Undetermined
Publicerad: Thanh Niên 1997
Ämnen:
Taggar: Lägg till en tagg
Inga taggar, Lägg till första taggen!
Thư viện lưu trữ: Trung tâm Học liệu Trường Đại học Cần Thơ
LEADER 00612nam a2200169Ia 4500
001 CTU_53205
008 210402s9999 xx 000 0 und d
020 |b 18000 
082 |a 658.47 
082 |b B300 
100 |a Trần Xuân ... [et al.] 
245 0 |a Bí quyết thành công của những nhà doanh nghiệp trong cộng đồng các nước có sử dụng tiếng Pháp 
245 0 |c Trần Xuân ... [et al.] 
260 |b Thanh Niên 
260 |c 1997 
650 |a managerial economics,business intelligence 
980 |a Trung tâm Học liệu Trường Đại học Cần Thơ